| 000 | 01281nam a22003017a 4500 | ||
|---|---|---|---|
| 999 |
_c111817 _d111817 |
||
| 005 | 20200124125640.0 | ||
| 010 | _aB-732185 B-050272 | ||
| 020 |
_c250.00 _a8187110449 |
||
| 035 | _aB-732185 | ||
| 035 | _aB-050272 | ||
| 035 | _aB-050274 | ||
| 035 | _aB-050281 | ||
| 037 | _bडी.बी.ए.डी./ उपहार | ||
| 037 | _bCen Lib/Ret | ||
| 082 |
_a921 _bत्यागीमु |
||
| 100 | _aत्यागी, मुरारीलाल | ||
| 245 |
_aकड़वा सच / _cमुरारीलाल त्यागी |
||
| 246 |
_aKadwa sach / _bby Murarilal Tyagi |
||
| 260 |
_aदिल्ली _bमेघा बुक्स _c2001 |
||
| 270 |
_aएक्स-11, नवीन शहदरा _bदिल्ली _e110032 |
||
| 300 |
_a328पृ. _c22सेमी (सजिल्द) |
||
| 650 | _aहिंदी साहित्य | ||
| 650 | _aहिंदी साहित्य --कड़वा सच | ||
| 650 | _aHindi literature | ||
| 650 | _aHindi literature--Bitter truth | ||
| 942 |
_2ddc _cHN _h921 _mत्यागीमु |
||